000 00309nam a2200133 i 4500
001 bg
100 1 _aPENDRY, J. B.
245 0 _aLow Theory Electron Diffraction... /
_cJ.B.Pendry.
260 _aLondon,
_c1974.
040 _cBPK
041 _apol
942 _cKS
008 s pl f |000 0 pol
999 _c26370
_d26370
856 _uhttp://koha.tu.koszalin.pl/cgi-bin/koha/opac-detail.pl?biblionumber=26370
_yKatalog online BPK